000
00217 a2200097 4500
001
15616
100
_a
Farman Fatehpuri,Dr
245
_a
Zuban our Urdu Zuban
260
_a
Lahore
_b
Aenae Adab
_c
090
_c
12186
_d
12186
942
_a
NUST-CAE
_c
M
_c
2432
999
_c
250689
_d
250689